000 00610nam a2200229Ia 4500
003 OSt
005 20250129114641.0
008 210716s1991 xx 000 0 und d
020 _a0804108749
040 _cAIMIT LIBRARY
041 _aeng
082 _21
_a808.83
_bTYLA
100 _aTyler, Anne.
_9195955
245 _aSaint maybe /
_cBy Anne Tyler.
250 _a1st ed.
260 _aNew York :
_bIvy Books ;
_c1991.
300 _a373p. ;
_bPB
_c17cm.
440 _vI&II
650 _aDepartment of reality
_9195956
650 _aOrganized marriage
_9195957
942 _2ddc
_cBK
_e1st ed.
_k808.83 TYLA
999 _c199939
_d199939